Material para la historia diplomática de México (notice nᵒ 10675)
[ vue normale ]
| 000 -Sello discográfico | |
|---|---|
| campo de control de longitud fija | 01024nam a2200289 4500 |
| 005 - Identificación de versión | |
| campo de control | 20251016085142.0 |
| 035 ## - Otros números de control del sistema | |
| Número de control del sistema | 10622 |
| 099 ## - fechas locales | |
| Tipo de ítem Koha | LIBRO |
| 100 ## - Datos de procesamiento general | |
| Datos de procesamiento general | 20040120d1957 m y1spay5003 ba |
| 105 ## - Campo de datos codificados: Material textual, monográfico | |
| Datos codificados de monografía | y 001zy |
| 200 1# - Título y mención de responsabilidad | |
| Título propio | Material para la historia diplomática de México |
| Designación general del material | texto impreso |
| Otra información del título | México y los Estados Unidos, 1820-1848 |
| Primer mención de responsabilidad | Carlos Bosch García |
| 210 ## - Publicación, distribución, etc. | |
| Lugar de publicación, distribución, etc. | México |
| Nombre del editor, distribuidor, etc. | Universidad Nacional Autónoma de México, Escuela Nacional de Ciencias Políticas y Sociales |
| Fecha de publicación, distribución, etc. | 1957 |
| 215 ## - Descripción física | |
| Designación de material específico y extensión del ítem | 654 p |
| Dimensiones | 23 cm |
| 345 ## - Nota de información de adquisición | |
| Fuente de adquisición/dirección de la suscripción [OBSOLETO] | Donación |
| 607 ## - Nombre geográfico utilizado como tema | |
| Elemento de entrada | Estados Unidos |
| Subdivisión temática | Relaciones exteriores |
| Subdivisión geográfica | México |
| Número Koha | 389 |
| 607 ## - Nombre geográfico utilizado como tema | |
| Elemento de entrada | México |
| Subdivisión temática | Historia |
| Subdivisión cronológica | 1821-1861 |
| Subdivisión temática | Fuentes |
| Número Koha | 15548 |
| 607 ## - Nombre geográfico utilizado como tema | |
| Elemento de entrada | México |
| Subdivisión temática | Relaciones exteriores |
| Subdivisión geográfica | Estados Unidos |
| Número Koha | 391 |
| 660 ## - Código de área geográfica | |
| Código | MX |
| 676 ## - Clasificación Decimal Dewey | |
| Número | 972 B742m |
| 700 ## - Nombre personal - Responsabilidad primaria | |
| Elemento de entrada | Bosch García |
| Parte del nombre distinta del elemento de entrada | Carlos |
| Fechas | 1919-1994 |
| Número Koha | 1446 |
| 801 #0 - Fuente de origen | |
| Agencia | cm |
| 900 ## - | |
| -- | 1/6094 |
| 900 ## - | |
| -- | 7100417855\200104 |
| 942 ## - ELEMENTOS DE ENTRADA SECUNDARIOS (KOHA) | |
| Tipo de ítem Koha | Livre |
Pas d'exemplaire disponible.